000 00864nam a2200217Ia 4500
001 4197
003 GE_BSU
008 181216s||||||||xx |||||||||||||| ||und||
040 _cGE_BSU
080 _a621.63.004(075.8)
100 _aРащепкин,К.Е. Овчинников,И.С. Суетинова,Т.Д. и др.
245 _aОбслуживание и ремонт линейной части магистральных нефтепродуктопроводов.
245 _cРед. из-во В.Г. Комикова.
260 _aМ.
260 _bНедра.
260 _c1969.
300 _a354 стр. 23 см. 147 илл. 147 библиогр.
300 _e90 табл.
653 _aОбслуживание и ремонт линейной части магистральных нефтепродуктопроводов.
942 _cBK
999 _c38207
_d38207